000 00396nam a2200145Ia 4500
008 220217s9999||||xx |||||||||||||| ||und||
020 _a9789352605170
082 _a628 JOS
100 _aJoseph, Benny
245 0 _aEnvironmental studies
250 _a3
260 _aTata mcgraw hill company Ltd.
_bNew Delhi
_c2017
300 _aXXII, 244p.
_b385
650 _aENVIRONMENTAL STUDIES
_9107
999 _c187755
_d187755